[Event "Montreal Saturday op 02"]
[Site "Montreal"]
[Date "2010.03.03"]
[Round "3"]
[White "Keane McCarney, Eamon"]
[Black "Le Bas, Nicolas"]
[Result "0-1"]
[WhiteElo "1638"]
[BlackElo "1636"]
[PlyCount "126"]
[EventDate "2010.02.17"]
[EventType "tourn"]
[EventRounds "5"]
[EventCountry "CAN"]
[SourceTitle "EXT 2011"]
[Source "ChessBase"]
[SourceDate "2010.11.26"]
[SourceVersion "1"]
[SourceVersionDate "2010.11.26"]
[SourceQuality "1"]

1. e4 e5 2. Nf3 Nc6 3. Bb5 a6 4. Ba4 b5 5. Bb3 Nf6 6. 0-0 Be7 7. Re1 d6 8. h3 Na5 9. d4 Nxb3 10. cxb3 exd4 11. Nxd4 Bb7 12. Nc3 0-0 13. Nf5 Re8 14. Nd5 Nxd5 15. exd5 Bf6 16. Rxe8+ Qxe8 17. a4 Qe4 18. Qg4 Bxd5 19. axb5 Qxg4 20. hxg4 axb5 21. Rxa8+ Bxa8 22. g5 Bd8 23. b4 Be4 24. Nd4 c6 25. f3 Bd5 26. Nf5 f6 27. gxf6 Bxf6 28. Nxd6 Kf8 29. f4 Ke7 30. Nf5+ Ke6 31. Ng3 Bc4 32. Kh2 Kd5 33. Nh5 Bd4 34. Ng3 Bd3 35. b3 Bc3 36. Ba3 g6 37. Kh3 Bf6 38. Kg4 h5+ 39. Kf3 Bc2 40. f5 gxf5 41. Nxh5 Be5 42. Nf4+ Kd6 43. g4 fxg4+ 44. Kxg4 Bxb3 45. Nd3 Bd4 46. Nc5 Bc2 47. Kf4 Kd5 48. Nb7 Bg6 49. Na5 Bb6 50. Nb3 Be8 51. Nd2 Kd4 52. Ne4 Bc7+ 53. Kf5 Kc4 54. Nc5 Bg3 55. Na6 Kb3 56. Bc1 Be1 57. Nc7 Bf7 58. Kf6 Bc4 59. Ke7 Bxb4+ 60. Kd7 Bd5 61. Nxd5 cxd5 62. Kc6 Kc4 63. Be3 Bf8 0-1

[Event "Montreal Saturday op 01"]
[Site "Montreal"]
[Date "2010.01.06"]
[Round "1"]
[White "Gauthier, Luc"]
[Black "Keane McCarney, Eamon"]
[Result "1-0"]
[WhiteElo "1689"]
[BlackElo "1686"]
[PlyCount "81"]
[EventDate "2010.01.06"]
[EventType "tourn"]
[EventRounds "5"]
[EventCountry "CAN"]
[SourceTitle "EXT 2011"]
[Source "ChessBase"]
[SourceDate "2010.11.26"]
[SourceVersion "1"]
[SourceVersionDate "2010.11.26"]
[SourceQuality "1"]

1. e4 c5 2. Nc3 d6 3. f4 Nf6 4. Bb5+ Bd7 5. Bxd7+ Qxd7 6. d3 Nc6 7. Nf3 e6 8. 0-0 Be7 9. Ne2 Rd8 10. c3 0-0 11. Ng3 Rfe8 12. h3 Bf8 13. f5 exf5 14. Nxf5 c4 15. Bg5 cxd3 16. Bxf6 gxf6 17. Qe1 d5 18. Qg3+ Kh8 19. Qh4 Re6 20. e5 Nxe5 21. N3d4 Ng6 22. Qh5 Re5 23. Rad1 Bc5 24. Rxd3 Rde8 25. Rdf3 Re2 26. Nh6 Rxb2 27. Rxf6 Ree2 28. Nxf7+ Qxf7 29. Qxe2 Bxd4+ 30. cxd4 Rxe2 31. Rxf7 Rxa2 32. Rxb7 Kg8 33. Rff7 Nh4 34. Rg7+ Kf8 35. Rxh7 Rxg2+ 36. Kf1 Kg8 37. Rxh4 Ra2 38. Rhh7 Rd2 39. Rhc7 Rd1+ 40. Ke2 Rxd4 41. Rb8# 1-0

[Event "Montreal Saturday op 10"]
[Site "Montreal"]
[Date "2009.10.21"]
[Round "3"]
[White "Keane McCarney, Eamon"]
[Black "Chestnut, Walter"]
[Result "1-0"]
[WhiteElo "1552"]
[BlackElo "1621"]
[PlyCount "73"]
[EventDate "2009.10.07"]
[EventType "tourn"]
[EventRounds "5"]
[EventCountry "CAN"]
[SourceTitle "EXT 2011"]
[Source "ChessBase"]
[SourceDate "2010.11.26"]
[SourceVersion "1"]
[SourceVersionDate "2010.11.26"]
[SourceQuality "1"]

1. e4 e5 2. Nf3 Nc6 3. Bb5 a6 4. Ba4 Nf6 5. 0-0 Be7 6. Re1 b5 7. Bb3 d6 8. d4 Bg4 9. c3 h6 10. Qd3 Bxf3 11. gxf3 0-0 12. f4 exf4 13. Bxf4 Nh5 14. Be3 Na5 15. Nd2 Nxb3 16. Nxb3 Bg5 17. a4 Bxe3 18. Rxe3 Qg5+ 19. Kh1 Nf4 20. Qf1 bxa4 21. Rxa4 Rab8 22. Ra5 c5 23. c4 Qe7 24. dxc5 dxc5 25. Rxa6 Rfd8 26. Na5 Qg5 27. Rg3 Qh5 28. Qg1 g6 29. Rg4 Ne2 30. Rgxg6+ fxg6 31. Rxg6+ Kf7 32. Rg7+ Kf6 33. e5+ Kf5 34. Qb1+ Kf4 35. Nc6 Rd1+ 36. Qxd1 Ng3+ 37. fxg3+ 1-0

[Event "Montreal Saturday op 10"]
[Site "Montreal"]
[Date "2009.10.07"]
[Round "1"]
[White "Keane McCarney, Eamon"]
[Black "Ber, Alexandre"]
[Result "1-0"]
[WhiteElo "1552"]
[BlackElo "1595"]
[PlyCount "71"]
[EventDate "2009.10.07"]
[EventType "tourn"]
[EventRounds "5"]
[EventCountry "CAN"]
[SourceTitle "EXT 2011"]
[Source "ChessBase"]
[SourceDate "2010.11.26"]
[SourceVersion "1"]
[SourceVersionDate "2010.11.26"]
[SourceQuality "1"]

1. e4 e6 2. d4 d5 3. Nc3 Bb4 4. e5 c5 5. Qg4 Ne7 6. Nf3 Qc7 7. Bb5+ Bd7 8. 0-0 a6 9. Bxd7+ Nxd7 10. Qxg7 Rg8 11. Qxh7 cxd4 12. a3 Nxe5 13. Nxd4 Bxc3 14. bxc3 N5g6 15. Qh3 Nf4 16. Bxf4 Qxf4 17. Qf3 Qxf3 18. Nxf3 Rc8 19. Rfb1 Rxc3 20. Rxb7 Rxf3 21. Rb8+ Kd7 22. Rxg8 Rc3 23. Rf8 f5 24. Ra8 Rc6 25. Ra7+ Kd6 26. Rd1 e5 27. a4 f4 28. a5 Nf5 29. c4 d4 30. g4 Nh4 31. Rh7 Nf3+ 32. Kg2 e4 33. g5 Nxg5 34. Rxd4+ Ke5 35. Rd5+ Kf6 36. Rh6+ 1-0

[Event "Montreal Mercredi 05"]
[Site "Montreal"]
[Date "2009.05.20"]
[Round "2"]
[White "Keane McCarney, Eamon"]
[Black "Dardoura, Khaled"]
[Result "0-1"]
[WhiteElo "1443"]
[BlackElo "1468"]
[PlyCount "106"]
[EventDate "2009.05.13"]
[EventType "tourn"]
[EventRounds "5"]
[EventCountry "CAN"]
[SourceTitle "EXT 2011"]
[Source "ChessBase"]
[SourceDate "2010.11.26"]
[SourceVersion "1"]
[SourceVersionDate "2010.11.26"]
[SourceQuality "1"]

1. e4 e6 2. d4 d5 3. e5 c5 4. Nf3 Nc6 5. c3 Qb6 6. Be2 Bd7 7. 0-0 cxd4 8. cxd4 Nge7 9. Nc3 Nf5 10. Na4 Qc7 11. Bf4 Qa5 12. g4 Nfxd4 13. Nxd4 Nxd4 14. Qxd4 Qxa4 15. Qd2 Bb4 16. Qd4 Ba5 17. Qe3 Bb6 18. Qg3 Qc2 19. Bd3 Qxb2 20. Rfb1 Qa3 21. Rb3 Qe7 22. h4 h6 23. g5 hxg5 24. Bxg5 Qf8 25. Qf4 Qc5 26. Rc1 Qd4 27. Qg3 Rc8 28. Rxc8+ Bxc8 29. Rc3 Bd7 30. Bb5 Bc6 31. Rxc6 bxc6 32. Bxc6+ Kf8 33. Kg2 Kg8 34. Bf6 Qxf2+ 35. Qxf2 Bxf2 36. Bxg7 Kxg7 37. Kxf2 Rxh4 38. a4 Re4 39. a5 Rxe5 40. a6 Kf6 41. Kf3 Kf5 42. Bb5 Kg5 43. Bd3 d4 44. Be4 f5 45. Bb7 Re3+ 46. Kf2 e5 47. Bd5 e4 48. Bc4 Rc3 49. Bd5 Rc2+ 50. Ke1 Kf4 51. Kd1 d3 52. Bf7 Ke3 53. Bh5 Rh2 0-1

[Event "Montreal Mercredi 05"]
[Site "Montreal"]
[Date "2009.05.13"]
[Round "1"]
[White "Matheson, Ben"]
[Black "Keane McCarney, Eamon"]
[Result "0-1"]
[WhiteElo "1528"]
[BlackElo "1443"]
[PlyCount "62"]
[EventDate "2009.05.13"]
[EventType "tourn"]
[EventRounds "5"]
[EventCountry "CAN"]
[SourceTitle "EXT 2011"]
[Source "ChessBase"]
[SourceDate "2010.11.26"]
[SourceVersion "1"]
[SourceVersionDate "2010.11.26"]
[SourceQuality "1"]

1. e4 c5 2. Nc3 d6 3. d3 Nf6 4. g3 Nc6 5. Bg2 a6 6. a4 e6 7. Nh3 g6 8. 0-0 Qc7 9. Kh1 Bg7 10. Be3 0-0 11. f4 Rd8 12. Nf2 b6 13. Qf3 d5 14. e5 Ne8 15. Ne2 Bb7 16. d4 cxd4 17. Nxd4 Bf8 18. Ng4 h5 19. Nf6+ Nxf6 20. exf6 e5 21. fxe5 Qxe5 22. Nxc6 Bxc6 23. Bxb6 Rdb8 24. a5 Qxb2 25. c4 Rd8 26. Bxd8 Rxd8 27. cxd5 Bxd5 28. Qf2 Bxg2+ 29. Qxg2 Rd2 30. Qh3 Qb7+ 31. Kg1 Bc5+ 0-1